Postoj učiteľov k zmenám v obsahu vzdelávania so zameraním na environmentálnu výchovu

Salvato in:
Dettagli Bibliografici
Autore principale: Kompoltová, Soňa
Natura: Capitolo di libro
Lingua:slovacco
Tags: Aggiungi Tag
Nessun Tag, puoi essere il primo ad aggiungerne!!

MARC

LEADER 00000naa$a2200000$$$4500
001 0061274
005 20240502071703.1
041 0 |a slo 
044 |a SK 
245 1 0 |a Postoj učiteľov k zmenám v obsahu vzdelávania so zameraním na environmentálnu výchovu  |c Soňa Kompoltová 
100 1 |a Kompoltová, Soňa